000 00463nam a2200181Ia 4500
003 GCL
008 140319s9999 xx 000 0 eng d
040 _aGCL /
_cGCL
082 0 4 _a843
_bB E
100 1 _aBALZAC, HONORE
245 1 0 _aETUDE DE LA PEAU DE CHAGRINE /
_cBALZAC, HONORE
260 _a[S.N] :
_bMARABOUT UNIVERSITE ،
_c1994
300 _a218 P
490 _aMARABOUT
_v0
650 0 4 _aLITERATURE
650 0 4 _aFRENCH LITERATURE
942 _2ddc
_cBK
999 _c22478
_d22478